000
00193nam a22000977a 4500
003
SGT
245
_a
Oral Oncology
260
_b
Elsevier
300
_a
670,1140,618,1050,870,7810
942
_2
ddc
_c
BV
999
_c
30159
_d
30159